Top 12 pays des Amériques par point culminant - Statistiques

Statistiques générales
  • Ce quiz a été pris 223 fois
  • Le résultat moyen est 10 sur 12
Statistiques - réponses
Mètres Pays % Correct
6 190m Etats-Unis
96%
5 959m Canada
95%
6 893m Chili
95%
6 768m Pérou
95%
5 675m Mexique
93%
6 962m Argentine
92%
5 750m Colombie
90%
6 542m Bolivie
89%
6 310m Equateur
84%
5 007m Vénézuela
79%
4 222m Guatemala
52%
3 820m Costa Rica
41%
Aucun quiz correspondant
Distribution des résultats
% des personnes avec chaque résultat
Percentile par nombre de réponses
Votre historique - résultats
Vous n’avez pas pris ce quiz